Sociolinguistic theory: linguistic variation and its social significance

Saved in:
Bibliografiske detaljer
Hovedforfatter: Chambers, J. K (Author)
Format: Bog
Sprog:engelsk
Udgivet: Malden Blackwell 2003
Udgivelse:2a. ed
Serier:Language in Society, 22
Fag:
Tags: Tilføj Tag
Ingen Tags, Vær først til at tagge denne postø!

MARC

LEADER 00000nam a2200000 a 4500
001 UCK2927
003 CL-VaPUC
008 050401e20030000US |||||||||||||||||eng|d
020 |a 0631228810 
082 0 4 |a 306.44  |b CHA  |2 21 
100 0 |a Chambers, J. K  |e author  |9 490951 
245 1 0 |a Sociolinguistic theory: linguistic variation and its social significance 
250 |a 2a. ed 
300 |a 320 p 
942 |c BK 
945 |d 20050401 00:00:00  |a cmena 
260 |a Malden  |b Blackwell  |c 2003 
650 0 |a Sociolingüística  |9 263716 
650 0 |a Investigación lingüística  |9 329785 
650 0 |a Desarrollo cultural  |9 267526 
583 |a last modification  |c 20050401 00:00:00  |k Rodrigo Vera 
490 0 |a Language in Society, 22 
999 |c 312317  |d 312315 
952 |0 0  |1 0  |4 0  |6 306_440000000000000_CHA_2003  |7 0  |8 A  |9 382387  |a FDOPOS  |b FDOPOS  |d 2019-11-21  |i 4104749  |o 306.44 CHA 2003  |p 4104749  |r 2025-01-22  |w 2019-11-21  |y BK  |k MLA